000 00566nam a2200169Ia 4500
008 090201s9999 xx 000 0 und d
010 _aKPL-61594
040 _bमराठी
041 _aमराठी
082 _a37660
_b61594
100 _aचिंतामणी लागू
245 _aकशासाठी पोटासाठी
_cचिंतामणी लागू
260 _c2004
_bवसंत बुक स्टॉल
300 _a143
_bमोठा
600 _aकशासाठी पोटासाठी
942 _cBOOK
999 _c235360
_d235360